000 01143nam a22002535i 4500
001 158438
003 ES-MaACL
005 20250724074709.0
008 040831m18521854sp |||| | spa d
040 _aCAM
_bspa
_cCAM
080 _a511.1
100 1 _aMadorell y Badia, Manuel.
_eaut
_9129321
245 1 0 _aElementos de aritmética universal :
_bpropios para servir de texto en los colegios y escuelas de ambos sexos /
_ccompuestos por Manuel Madorell y Badia.
260 _aBarcelona :
_b[s.n.],
_c1852-1854
_f(Imp. de los hermanos Torras y compañía)
300 _a2 volúmenes (XI, 144 páginas ; VI, 85 páginas) ;
_c16 cm.
594 _aEn port. del v. II: "continuada por Francisco de Asís Madorell"
596 _aEl imp. del v. II es Imp. de Tomás Gaspar
650 0 7 _aAritmética
_2embne
_99963
700 1 _aMadorell, Francisco de Asís
_eclb
_9129322
852 _aES-MaACL
_cSVI
_jD-489-90
_gDedicatoria ms. de Francisco de Asís Madorell a Laureano Figuerola
_hDonativo Bosch
_xPasta española: v. I
_xCartoné: v. II
942 _2udc
_cMONANT
_n0
999 _c158438
_d158438